Biosensors: 10th Anniversary Feature Papers (Record no. 23907)
[ view plain ]
| 000 -LEADER | |
|---|---|
| fixed length control field | 01028nam a2200133Ia 4500 |
| 008 - FIXED-LENGTH DATA ELEMENTS--GENERAL INFORMATION | |
| fixed length control field | 220620s9999||||xx |||||||||||||| ||und|| |
| 020 ## - INTERNATIONAL STANDARD BOOK NUMBER | |
| International Standard Book Number | 9783040000000 |
| 245 #0 - TITLE STATEMENT | |
| Title | Biosensors: 10th Anniversary Feature Papers |
| 546 ## - LANGUAGE NOTE | |
| Language note | English[eng] |
| 650 ## - SUBJECT ADDED ENTRY--TOPICAL TERM | |
| Topical term or geographic name entry element | antioxidants||biosensor||nanomaterials||vasodilator activity||breast cancer screening||imaging biomarker||deep sparse autoencoder||dimensionality reduction||deep-learning features||Bioassays||high performance thin layer chromatography||endocrine disrupting compounds||fluorescent proteins||wastewater||electromagnetic piezoelectric acoustic sensor||quartz||adsorption||diagnostics||extracellular vesicle||dithiocarbamate fungicides||chromatography||Raman spectroscopy||sensors||enzyme inhibition||voltammetry||biosensors||tobacco mosaic virus (TMV)||capacitive field-effect sensor||bi-enzyme biosensor||enzyme-logic gate||urease||penicillinase |
| 700 ## - ADDED ENTRY--PERSONAL NAME | |
| Personal name | Rocha-Santos, Teresa A. P.||da Costa, João P. |
| 856 ## - ELECTRONIC LOCATION AND ACCESS | |
| Uniform Resource Identifier | <a href="https://mdpi.com/books/pdfview/book/5227">https://mdpi.com/books/pdfview/book/5227</a> |
| 942 ## - ADDED ENTRY ELEMENTS (KOHA) | |
| Koha item type | E-Books |
| Withdrawn status | Lost status | Damaged status | Not for loan | Home library | Current library | Date acquired | Total Checkouts | Date last seen | Price effective from | Koha item type |
|---|---|---|---|---|---|---|---|---|---|---|
| Kerala University of Digital Sciences, Innovation and Technology Knowledge Centre | Kerala University of Digital Sciences, Innovation and Technology Knowledge Centre | 20/06/2022 | 20/06/2022 | 20/06/2022 | E-Books |